书目信息 |
| 题名: |
生二胎,你准备好了吗?
|
|
| 作者: | 刘莹 , 丁钰 主编 | |
| 分册: | ||
| 出版信息: | 青岛 青岛出版社 2015 |
|
| 页数: | 255页 | |
| 开本: | 25cm | |
| 丛书名: | ||
| 单 册: | ||
| 中图分类: | R715.3 | |
| 科图分类: | ||
| 主题词: | 妊娠期--妇幼保健--基本知识 , 产褥期--妇幼保健--基本知识 | |
| 电子资源: | ||
| ISBN: | 978-7-5552-1461-8 | |
| 000 | 00816nam0 2200253 450 | |
| 001 | 012015000232 | |
| 005 | 20151130093342.01 | |
| 010 | @a978-7-5552-1461-8@dCNY35.00 | |
| 100 | @a20150601d2015 em y0chiy50 ea | |
| 101 | 0 | @achi |
| 102 | @aCN@b370000 | |
| 105 | @aa z 000yy | |
| 106 | @ar | |
| 200 | 1 | @a生二胎,你准备好了吗?@Asheng er tai,ni zhun bei hao le ma?@f刘莹,丁钰主编 |
| 210 | @a青岛@c青岛出版社@d2015 | |
| 215 | @a255页@c图@d25cm | |
| 330 | @a本书将第二胎孕前的疑问、孕期的关注点、分娩时会遇到的问题以及产后恢复的难点进行总结,并尝试给出建议。 | |
| 606 | 0 | @a妊娠期@x妇幼保健@x基本知识 |
| 606 | 0 | @a产褥期@x妇幼保健@x基本知识 |
| 690 | @aR715.3@v5 | |
| 701 | 0 | @a刘莹@Aliu ying@4主编 |
| 701 | 0 | @a丁钰@Ading yu@4主编 |
| 801 | 0 | @aCN@b碧洲教育@c20151127 |
| 905 | @a10447@f4@dR715.3@e27 | |
| 生二胎,你准备好了吗?/刘莹,丁钰主编.-青岛:青岛出版社,2015 |
| 255页:图;25cm |
| ISBN 978-7-5552-1461-8:CNY35.00 |
| 本书将第二胎孕前的疑问、孕期的关注点、分娩时会遇到的问题以及产后恢复的难点进行总结,并尝试给出建议。 |
| ● |
| 相关链接 |
|
|
|
|
正题名:生二胎,你准备好了吗?
索取号:R715.3/27
 
预约/预借
| 序号 | 登录号 | 条形码 | 馆藏地/架位号 | 状态 | 备注 |
| 1 | 0871393 | 208713935 | 第二样本阅览室/ [索取号:R715.3/27] | 在馆 | |
| 2 | 0871394 | 208713944 | 第三借阅区/ [索取号:R715.3/27] |
已借出,限还日期为2018.11.27 借出人:张 蕾 |
|
| 3 | 0871395 | 208713953 | 第三借阅区/ [索取号:R715.3/27] | 在馆 | |
| 4 | 0871396 | 208713962 | 第三借阅区/ [索取号:R715.3/27] | 在馆 |